Financial management

Bibliographic Details
Main Authors: Hajdúchová, Iveta, 1958- (Author), Giertliová, Blanka, 1978- (Author), Lichý, Ján (Author)
Corporate Author: Skrivanek Slovensko (Translator)
Format: Book
Language:English
PhysicalDescription:145 s. grafy, sch., tab. 30 cm
Published: Zvolen Technical University 2015
ISBN:9788022827904
Edition:1st ed.
Subjects:

MARC

LEADER 00000nam a2200000 a 4500
001 vtls011545720
003 SK-MaSNL
005 20260301180145.0
008 240318s2015 xo da e n 000 0 eng
015 |a SNBA2016/05 
020 |a 9788022827904  |q (brož.) 
035 |a 16B9AEB1-E149-4777-9038-017991869171 
035 |a urn:nbn:sk:snk-amll9s 
035 |a urn:nbn:sk:snk-am00bf1b 
040 |a SNK  |b slo  |c SNK  |e AACR2 
041 0 |a eng 
044 |a xo  |c SK 
072 7 |a 658  |x Riadenie a správa podniku  |2 konspekt 
080 |a 658.14/.17  |2 2011 
080 |a (075.8)  |2 2011 
100 1 |a Hajdúchová, Iveta,  |d 1958-  |4 aut  |9 172108 
245 1 0 |a Financial management  |c Iveta Hajdúchová, Blanka Giertliová, Ján Lichý ; [translation: Skrivanek Slovensko, s.r.o.] 
250 |a 1st ed. 
260 |a Zvolen  |b Technical University  |c 2015 
300 |a 145 s.  |b grafy, sch., tab.  |c 30 cm 
504 |a Bibliogr.: s. 142-145 ; zoz. obr. 
650 0 7 |a finančný manažment  |2 SNKPH  |9 928 
650 0 7 |a Financial management  |2 SNKPHeng  |9 268527 
655 7 |a učebnice vysokých škôl  |2 SNKPH  |9 70191 
655 7 |a Textbooks (higher)  |2 SNKPHeng  |9 276436 
700 1 |a Giertliová, Blanka,  |d 1978-  |4 aut  |9 151295 
700 1 |a Lichý, Ján  |4 aut  |9 309120 
710 2 |a Skrivanek Slovensko  |4 trl  |9 157859 
919 |a 978-80-228-2790-4 
958 |a NB 
958 |a OP 
968 |a Eng  |b SLO 
999 |c 845274  |d 847204 
952 |a SNK  |b SNK  |y PREZ  |7 0  |p 17A1192830  |o snkSB 89954  |i snk2016/9706  |8 0  |0 0  |1 0  |4 0  |d 2016-04-15  |f 1  |l 0  |r 2025-05-13 00:00:00  |w 2026-02-24 
952 |a SNK  |b SNK  |y VYP  |7 0  |p 17A1192831  |o snkSB 89954 D1  |i snk2016/9707  |8 0  |0 0  |1 0  |4 0  |d 2016-04-15  |l 0  |r 2026-02-24 04:24:33  |w 2026-02-24